| 000 | 00798nam a2200217 a 4500 | ||
|---|---|---|---|
| 005 | 20210223130753.0 | ||
| 008 | 081103s1986 mx r 000 0 spa d | ||
| 035 | _aUPN01000164755 | ||
| 049 | _aUNE | ||
| 080 | _a37.062/. 063 (-77)=20 DOV No.169. | ||
| 100 | 1 | _aDove, Linda A. | |
| 245 | 1 | 4 |
_aThe Role of the community school in rural transformation in developing countries : _bAids to programing unicef assistance to education / _cby Linda A. Dove. |
| 260 |
_aParÃs : _bUNESCO; _aNew York : _bUNICEF, _c1986. |
||
| 300 | _a22 p. | ||
| 440 | 0 |
_aNotes, comments... ; _v169 |
|
| 690 | _aRelacion escuela-comunidad - Paises en desarrollo | ||
| 690 | _aEscuelas comunitarias - Paises en desarrollo | ||
| 710 | 2 |
_aUNICEF _924085 |
|
| 710 | 2 | _aPrograma de Alimentación Mundial | |
| 905 | _aUNESCO | ||
| 999 |
_c136867 _d136867 |
||